00637 2200241 4500001002100000005001700021008004100038035002400079082001200103090001900115100001700134245006000151250001600211260003000227300003000257500003100287650001400318850001600332980001300348985000600361986001300367999001500380YOGYA-0209000001554020090227022536.0 ind  0010-020900000015540 a346.048 a346.048bJok P aJOKO PRAKOSO aPerselisihan hak atas merek di IndonesiacDjoko Prakoso aEd.1, cet.1 aYogyakartabLibertyc1987 avii, 237 hlmbilusc21 cm aBibliografi : hlm. 236-237 aHak Paten aYOPDYOG (B) a09-09-05 a1 afwhrtrev a95P0067093